The Orville TV Series - Statistics

General Stats
  • This quiz has been taken 35 times
  • The average score is 14 of 15
Answer Stats
Question Answer % Correct
What is the name of lieutenant commander who is from the planet Moclus? Bortus
100%
How is the first officer Kelly Grayson related to commander Ed Mercer? Ex-wife
100%
What is the name of aggressive, reptilian species from a planet of the same name, located in the same quadrant of the galaxy as the Planetary Union? Krill
100%
Who stars as Ed Mercer, the commander of the starship USS Orville? Seth MacFarlane
100%
What is characteristic for humanoids from Xelaya planet? They have greater than human strenght
100%
Who was the first chief security of the starship Orville? Alara Kitan
93%
Who is lieutenant commander and chief medical officer of the starship Orville? Claire Finn
93%
What stuffed animal does Captain Mercer keep on his desk? Kermit the Frog
93%
What is dominated gender on planet Moclus? Males
93%
The Orville's science and engineering officer was named after which famous scientist? Newton
93%
How many children does Lieutenant Commander Claire Finn have? Two sons
93%
What is the name of amorphous, gelatinous, shapeshifting engineer on the Orville? Yaphit
93%
Who served aboard the USS Quimby until its destruction by the Kaylon and later joined the USS Orville as its navigator? Charly Burke
86%
What is the name of Moclan woman who established a clandestine network of ships for families who sought refuge from the government that would forcibly alter the sex of their daughters? Heveena
86%
In which century is the Orville series taking place? 25th
64%
No matching quizzes found
Score Distribution
Percent of People with Each Score
Percentile by Number Answered
Your Score History
You have not taken this quiz